| 000 | 00440nam a2200193Ia 4500 | ||
|---|---|---|---|
| 005 | 20240823040133.0 | ||
| 008 | 240823s9999||||xx |||||||||||||| ||und|| | ||
| 020 | _a81-8388-072-X | ||
| 041 | _aENGLISH | ||
| 082 | _A920 Q3 | ||
| 100 | _aJyotsna Bharti | ||
| 245 | 0 | _aLance Armstrong - A Biography | |
| 250 | _a1st | ||
| 260 |
_c2013 _bSpider |
||
| 500 | _aDISPLAY | ||
| 650 |
_aBiography _bGeneral |
||
| 942 | _cBK | ||
| 999 |
_c202373 _d202373 |
||